Дело о постановке на сцене русской оперной труппы императорских театров оперы "Демон", сочинения барона Б.А. Фитингоф-Шель, пере...

Доступно только в Электронных читальных залах Найти на картеНа карте
RUSMARC
00003751nmc2a22002413x 450
001557f47ff-260b-4d31-84cb-9abac2ea0fde
00520200909211318.0
100##$a20200218l18851886k l0rusy0189 ca
1010#$arus
102##$aRU
105##$ay###
1222#$ad
2001#$aДело о постановке на сцене русской оперной труппы императорских театров оперы "Демон", сочинения барона Б.А. Фитингоф-Шель, переименованной в "Тамару"
$j22 июля 1885 г. - 11 сентября 1886 г.
215##$a14 л.
$d36,5х26 см
251##$cДело
300##$aНа бланке обложки указано: "Дело Конторы императорских театров"
371##$aДокумент не является опубликованным и широко распространяемым
461#0$10019264ebf8-de62-4f1a-9eb4-9f22098dbbd5
$12001
$aДирекция императорских театров МИДв
$1251
$cФонд
$1852
$j497
462#0$10016d2858c7-947f-46a8-934e-c3d97596ebca
$12001
$aДирекция императорских театров (1879-1918 гг.)
$1251
$cОпись
$1852
$j6
801#0$aRU
$bРГИА
$c20200218
$gRCR
801#1$aRU
$bГлавНИВЦ
$c20200218
$2rusmarc
801#2$aRU
$bПБ им. Б.Н. Ельцина
$c20200909
$gRCR
$2rusmarc
850##$aРГИА
852##$aРГИА
$eФедеральное казенное учреждение "Российский государственный исторический архив" (РГИА)
$j3702
937##$hРГИА
$d12339392
$aASBIBLIO_SCAN
035##$aRusGRCC00000812
856##$uhttp://readingroom.main.prlib.ru/item.aspx?id_node=n147209590&mode=full
Формат отображения